Annales aequatoria.
Research on the culture, history, and languages of Zaire.
| Previous Title: | Aequatoria |
|---|---|
| Corporate Authors: | , |
| Format: | Serial |
| Language: | French English German |
| Language Notes: | English, French, and German. |
| Published: |
Mbandaka, Zaire :
[Missionaries of the Sacred Heart],
1980-2010.
|
| Subjects: | |
| Online Availability: |
|
MARC
| Tag | First Indicator | Second Indicator | Subfields |
|---|---|---|---|
| LEADER | 00000cas a2200000 a 4500 | ||
| 001 | in00002785834 | ||
| 005 | 20151202172144.0 | ||
| 006 | m o d | ||
| 007 | cr ||||||||||| | ||
| 008 | 110306d19802009cg ar oo 0 0fre c | ||
| 010 | |a 2012235038 | ||
| 022 | |l 0254-4296 |y 0254-4266 | ||
| 035 | |a (OCoLC)ocn705808044 | ||
| 035 | |a (OCoLC)705808044 | ||
| 040 | |a OCLCE |b eng |c OCLCE |d OCLCQ |d EYM |d HLS |d HUL |d OCLCQ |d TXA |d UtOrBLW | ||
| 041 | 0 | |a eng |a fre |a ger | |
| 042 | |a pcc | ||
| 043 | |a f-cg--- | ||
| 049 | |a TXAM | ||
| 050 | 1 | 4 | |a DT641 |b .A63 Electronic |
| 082 | 0 | 4 | |a 967.5/1/005 |2 19 |
| 245 | 0 | 0 | |a Annales aequatoria. |
| 246 | 0 | |a Annales æquatoria | |
| 264 | 1 | |a Mbandaka, Zaire : |b [Missionaries of the Sacred Heart], |c 1980-2010. | |
| 310 | |a Annual, |b 1981-2009 | ||
| 321 | |a Irregular, |b 1980 | ||
| 336 | |a text |b txt |2 rdacontent | ||
| 337 | |a computer |b c |2 rdamedia | ||
| 338 | |a online resource |b cr |2 rdacarrier | ||
| 362 | 0 | |a T. 1, vol. 1-30 (2009). | |
| 500 | |a Title from PDF title page (JSTOR, viewed Mar. 23, 2012). | ||
| 515 | |a Tome I (1980) issued in 2 vols.; Tome II (1980) and 2 (1981) issued as single vols.; 2 (1981)- lack numeric caption. | ||
| 520 | |a Research on the culture, history, and languages of Zaire. | ||
| 546 | |a English, French, and German. | ||
| 550 | |a Issued by: Missionaries of the Sacred Heart (Mbandaka, Zaire), 1980-1981; Centre Aequatoria (Mbandaka, Zaire), 1982- | ||
| 588 | |a Latest issue consulted: 30 (2009) (JSTOR, viewed Mar. 23, 2012). | ||
| 500 | |a Electronic resource. | ||
| 651 | 0 | |a Congo (Democratic Republic) |x Civilization |v Periodicals. | |
| 651 | 0 | |a Congo (Democratic Republic) |x Languages |v Periodicals. | |
| 650 | 1 | 7 | |a Afrikaanse talen. |2 gtt |
| 650 | 1 | 7 | |a Afrikanen. |2 gtt |
| 710 | 2 | |a Missionaries of the Sacred Heart. | |
| 710 | 2 | |a Centre Aequatoria (Mbandaka, Congo) | |
| 776 | 0 | 8 | |i Print version: |t Annales aequatoria |x 0254-4296 |w (DLC) 84651534 |w (OCoLC)7334315 |
| 780 | 0 | 0 | |t Aequatoria |w (DLC) 2012236377 |w (OCoLC)647576801 |
| 948 | |a cataloged |b h |c 2012/12/20 |d c |e spoltoratski |f 8:17:30 am |g sc | ||
| 994 | |a C0 |b TXA | ||
| 999 | |a MARS | ||
| 999 | f | f | |s 66b45f7e-baf2-3c9f-81c8-cdd3b4ffb93b |i 94f61686-7fea-309e-b483-7de5a5c1f634 |t 0 |
| 952 | f | f | |a Texas A&M University |b College Station |c Electronic Resources |d Available Online |t 0 |e DT641 .A63 |g Electronic |h Library of Congress classification |
| 998 | f | f | |a DT641 .A63 |t 0 |l Available Online |